000 00637nam a2200229Ia 4500
003 OSt
005 20220928145716.0
006 a|||||r|||| 00| 0
007 ta
008 220927b |||||||| |||| 00| 0 eng d
024 _a82318
037 _cTextual
040 _aSDCL
_cSDCL
_beng
041 _2eng
_aeng
082 _aXjM18, N0
100 _aScott Maurice Ed.
_9514317
245 0 _aPublic policy and economic development
_bEssays in honour of Ian Little.
260 _c1990
700 _a Lal Deepak Ed.
_9386067
942 _hXjM18, N0
_cTEXL
_2CC
999 _c835040
_d835040